[Event "IECG CP.2002.P.00032 email"]
[Site "IECG email"]
[Date "2002.10.01"]
[Round "?"]
[White "Hennigs, Wolfgang"]
[Black "Reese, William"]
[Result "1-0"]
[WhiteElo "1053"]
[BlackElo "800"]
[PlyCount "27"]
[EventDate "2002.10.01"]
[EventType "tourn (corr)"]
[EventRounds "6"]
[EventCountry "RUS"]
[SourceTitle "Corr 2008"]
[Source "ChessBase"]
[SourceDate "2008.06.24"]
[SourceVersion "1"]
[SourceVersionDate "2008.06.24"]
[SourceQuality "1"]

1. e4 e5 2. Nf3 Nc6 3. d4 exd4 4. Nxd4 Bc5 5. Be3 Nf6 6. Nxc6 bxc6 7. Bxc5 Nxe4 8. Qe2 d5 9. f3 Qh4+ 10. g3 Qh6 11. fxe4 Qc1+ 12. Kf2 Qxb2 13. exd5+ Kd7 14. Qe7# 1-0